| 000 | 00819nam a22002417a 4500 | ||
|---|---|---|---|
| 003 | OSt | ||
| 005 | 20230301124736.0 | ||
| 008 | 220916b |||||||| |||| 00| 0 eng d | ||
| 020 | _a9968 9729 7 5 | ||
| 040 | _cBiblioteca Lado V | ||
| 082 |
_a861.44 _bC413i |
||
| 100 |
_aCerdas Vega, Gerardo _eautor _9768 |
||
| 130 | _9767 | ||
| 245 | _aLa Imagen calcinada/ | ||
| 260 |
_aMadrid _bEditores Alambique _c1997 |
||
| 300 |
_c21.5x14cm _a52p. |
||
| 650 |
_2Tesauro de Arte & Arquitectura _aFOTOGRAFIA _9702 |
||
| 650 |
_2Tesauro de Arte & Arquitectura _aLITERATURA COSTARRICENSE |
||
| 650 |
_2Tesauro de Arte & Arquitectura _aPOESIA |
||
| 650 |
_2Tesauro de Arte & Arquitectura _aCERDAS VEGA GERARDO |
||
| 650 |
_2Tesauro de Arte & Arquitectura _aCOSTA RICA |
||
| 942 |
_2ddc _c1 _h861.44 _iC413i _n0 |
||
| 999 |
_c3103 _d3103 |
||